000 00302nam a2200145Ia 4500
100 _aLecroissette/Dennis
942 _cBK
654 _atransistors
245 _aTransistors
260 _bprentice
_aNew Delhi
_c1988
082 _a621.381528
_bLE
300 _a280
546 _aENGLISH
999 _c29367
_d29367